000 00598nam a2200193u 4500
001 5996712
003 ARRUPE
005 20161027115344.0
008 840426s1944 ge 000 0 ger
010 _a 45008838
040 _aDLC
_cCarP
_dDLC
050 0 0 _aPT1803.S4
100 1 _aAnzengruber, Ludwig,
_d1839-1889. [from old catalog]
_927062
245 1 4 _aDer schandfleck,
_beine dorfgeschichte.
_cby Anzengruber, Ludwig
260 _aWolfsberg
_bEduard Kaiser Verlag
_cno date
300 _a290p.;
_c20 cm.
906 _a0
_bcbc
_cpremunv
_du
_encip
_f19
_gy-gencatlg
942 _2lcc
_cMONOGRAPH
999 _c125599
_d125599